[Event "AUT-chT2W 1516"]
[Site "Austria"]
[Date "2015.10.18"]
[Round "3.5"]
[White "Jedinger, Andreas"]
[Black "Kupfner, Franz"]
[Result "1-0"]
[WhiteElo "2105"]
[BlackElo "2200"]
[PlyCount "43"]
[EventDate "2015.10.16"]
[EventType "team-tourn"]
[EventRounds "11"]
[EventCountry "AUT"]
[SourceTitle "CBM 168 Extra"]
[Source "ChessBase"]
[SourceDate "2015.10.29"]
[SourceVersion "1"]
[SourceVersionDate "2015.10.29"]
[SourceQuality "1"]
[WhiteTeam "Rochade Rum"]
[BlackTeam "Zillertal"]
[WhiteTeamCountry "AUT"]
[BlackTeamCountry "AUT"]

1. e4 c5 2. Nf3 d6 3. d4 cxd4 4. Nxd4 Nf6 5. Nc3 Nc6 6. Bg5 Bd7 7. Qd2 Nxd4 8. Qxd4 Qa5 9. f4 h6 10. Bxf6 gxf6 11. 0-0-0 Rg8 12. Kb1 e6 13. g3 Be7 14. Be2 Rc8 15. Rhf1 Qc5 16. Qd2 b5 17. e5 fxe5 18. Bh5 e4 19. f5 e3 20. Qe2 b4 21. Bxf7+ Kxf7 22. Qh5+ 1-0

[Event "AUT-chT2W 1314"]
[Site "Austria"]
[Date "2014.01.19"]
[Round "8.5"]
[White "Hengl, Christian"]
[Black "Kupfner, Franz"]
[Result "1/2-1/2"]
[WhiteElo "2207"]
[BlackElo "2172"]
[PlyCount "63"]
[EventDate "2013.10.18"]
[EventType "team-tourn"]
[EventRounds "11"]
[EventCountry "AUT"]
[SourceTitle "EXT 2015"]
[Source "ChessBase"]
[SourceDate "2014.11.20"]
[SourceVersion "1"]
[SourceVersionDate "2014.11.20"]
[SourceQuality "1"]
[WhiteTeam "Rum Rochade"]
[BlackTeam "Zillertal"]
[WhiteTeamCountry "AUT"]
[BlackTeamCountry "AUT"]

1. e4 c5 2. Nf3 Nc6 3. d4 cxd4 4. Nxd4 Nf6 5. Nc3 d6 6. f3 e5 7. Nb3 Be7 8. Be3 0-0 9. Qd2 a5 10. Bb5 Be6 11. Rd1 Rc8 12. 0-0 Nb4 13. a3 Na6 14. Qf2 Qc7 15. Bb6 Qb8 16. Nxa5 Nc5 17. Nd5 Nxd5 18. exd5 Bf5 19. Nc4 Bd7 20. Bxd7 Nxd7 21. Ba7 Qc7 22. Nb6 Nxb6 23. Bxb6 Qxc2 24. Qxc2 Rxc2 25. Rf2 Rfc8 26. Be3 f5 27. Rxc2 Rxc2 28. Rd2 Rc1+ 29. Kf2 Kf7 30. Rd3 Rc2+ 31. Rd2 Rc1 32. Rd3 1/2-1/2

[Event "Tirol-ch"]
[Site "Kramsach"]
[Date "2007.06.29"]
[Round "6.3"]
[White "Platzgummer, Fabian"]
[Black "Kupfner, Franz"]
[Result "1/2-1/2"]
[WhiteElo "2090"]
[BlackElo "2123"]
[PlyCount "37"]
[EventDate "2007.06.24"]
[EventType "swiss"]
[EventRounds "7"]
[EventCountry "AUT"]
[SourceTitle "EXT 2024"]
[Source "ChessBase"]
[SourceDate "2023.10.10"]
[SourceVersion "1"]
[SourceVersionDate "2023.10.10"]
[SourceQuality "1"]

1. d4 Nf6 2. c4 e6 3. Nc3 d5 4. Nf3 Be7 5. Bg5 h6 6. Bh4 0-0 7. e3 Nbd7 8. Qc2 c6 9. Rd1 Re8 10. Bd3 dxc4 11. Bxc4 Nd5 12. Bxe7 Qxe7 13. a3 Nxc3 14. Qxc3 b6 15. Bd3 Bb7 16. Bb1 c5 17. Qd3 Nf6 18. Qe2 cxd4 19. Rxd4 1/2-1/2

[Event "Tirol-ch"]
[Site "Kramsach"]
[Date "2007.06.24"]
[Round "1.4"]
[White "Kupfner, Franz"]
[Black "Zwanowetz, Thomas"]
[Result "1-0"]
[WhiteElo "2123"]
[BlackElo "1716"]
[PlyCount "69"]
[EventDate "2007.06.24"]
[EventType "swiss"]
[EventRounds "7"]
[EventCountry "AUT"]
[SourceTitle "EXT 2024"]
[Source "ChessBase"]
[SourceDate "2023.10.10"]
[SourceVersion "1"]
[SourceVersionDate "2023.10.10"]
[SourceQuality "1"]

1. d4 d5 2. Nf3 c5 3. e3 Nf6 4. b3 Bf5 5. Be2 Nc6 6. 0-0 e6 7. a3 Bd6 8. Bb2 0-0 9. c4 cxd4 10. exd4 dxc4 11. bxc4 Bg4 12. Nbd2 Qc7 13. h3 Bh5 14. Re1 Rad8 15. Qa4 Qa5 16. Qb3 Qc7 17. Rad1 Bf4 18. Qc2 Bg6 19. Qa4 Qb6 20. Ba1 Bxd2 21. Rxd2 Ne4 22. Rdd1 Rd7 23. Bd3 Nf6 24. Bxg6 hxg6 25. Ne5 Nxe5 26. Rxe5 a6 27. Bc3 Rc8 28. Rc1 Qc6 29. Qd1 Ne4 30. Bb2 f6 31. d5 Nxf2 32. Kxf2 Rcd8 33. dxc6 Rxd1 34. Rxd1 Rxd1 35. c7 1-0

[Event "AUT-chT2W 9899"]
[Site "Austria"]
[Date "1999.03.12"]
[Round "7.5"]
[White "Kupfner, Franz"]
[Black "Kondrak, Christof"]
[Result "1/2-1/2"]
[WhiteElo "2143"]
[BlackElo "2167"]
[PlyCount "115"]
[EventDate "1998.10.??"]
[EventType "team"]
[EventRounds "9"]
[EventCountry "AUT"]
[SourceTitle "EXT 2000"]
[Source "ChessBase"]
[SourceDate "1999.11.16"]
[SourceVersion "1"]
[SourceVersionDate "1999.11.16"]
[SourceQuality "1"]

1. d4 d5 2. Nf3 Nf6 3. e3 e6 4. c4 Be7 5. Nc3 0-0 6. a3 b6 7. Bd3 dxc4 8. Bxc4 Bb7 9. 0-0 Nbd7 10. Qe2 Ne4 11. Rd1 Bf6 12. Bd3 Nxc3 13. bxc3 c5 14. dxc5 Bxf3 15. Qxf3 Bxc3 16. Ra2 bxc5 17. Rc2 Qa5 18. Bxh7+ Kxh7 19. Rxd7 Qa4 20. Qd1 Bd4 21. Rd6 Bf6 22. Rxc5 Qxd1+ 23. Rxd1 Rac8 24. Rxc8 Rxc8 25. Kf1 Kg6 26. Bd2 Be7 27. Bb4 Bxb4 28. axb4 Rb8 29. Rd7 Rxb4 30. Rxa7 Rb2 31. Rd7 Ra2 32. Ke1 Kf6 33. Rd2 Ra7 34. Ke2 g6 35. Kf3 Rb7 36. h3 Ra7 37. Kg3 Ra3 38. Kf3 Ra7 39. h4 Ra4 40. g4 Rb4 41. Kg3 Rb5 42. f4 e5 43. Rd6+ Ke7 44. fxe5 Rxe5 45. Rd3 Kf6 46. Kf4 Ra5 47. Rb3 Rc5 48. e4 Kg7 49. Rb7 Rc1 50. e5 Rc4+ 51. Kf3 Kf8 52. Rb6 Rc3+ 53. Kf4 Rc4+ 54. Kg5 Re4 55. e6 fxe6 56. Kf6 Rf4+ 57. Kxe6 Rxg4 58. Kf6 1/2-1/2

[Event "Wattens op 14th"]
[Site "Wattens"]
[Date "1999.??.??"]
[Round "2"]
[White "Kupfner, Franz"]
[Black "Schmittdiel, Eckhard"]
[Result "1-0"]
[WhiteElo "2140"]
[BlackElo "2505"]
[PlyCount "107"]
[EventDate "1999.??.??"]
[EventType "swiss"]
[EventRounds "9"]
[EventCountry "AUT"]
[SourceTitle "EXT 2001"]
[Source "ChessBase"]
[SourceDate "2000.11.22"]
[SourceVersion "1"]
[SourceVersionDate "2000.11.22"]
[SourceQuality "1"]

1. d4 d5 2. Nf3 c6 3. g3 Bg4 4. Bg2 e6 5. c3 Nd7 6. Bf4 Ngf6 7. Nbd2 h6 8. Qb3 Qb6 9. h3 Bf5 10. g4 Bg6 11. Ne5 Nxe5 12. Bxe5 Nd7 13. Bg3 Be7 14. Qxb6 axb6 15. a3 h5 16. e4 hxg4 17. hxg4 Rxh1+ 18. Bxh1 Nf6 19. exd5 exd5 20. Bf3 b5 21. Kf1 Kf8 22. Re1 Nd7 23. Bd1 Nb6 24. Kg2 Na4 25. Bxa4 bxa4 26. Rh1 Kg8 27. Re1 Bf8 28. Bc7 Rc8 29. Bf4 f6 30. Nf1 Kf7 31. Ng3 b6 32. Nf5 Rd8 33. Re2 Rd7 34. Kg3 c5 35. Rd2 Bh7 36. Kg2 g6 37. Ne3 g5 38. Bg3 c4 39. Nf5 Bxf5 40. gxf5 Re7 41. f3 Bh6 42. Kf2 g4 43. f4 Re4 44. Re2 Rxe2+ 45. Kxe2 Bf8 46. Kf2 Bd6 47. Ke3 Kg7 48. Ke2 Kh6 49. Ke3 Kh5 50. Ke2 b5 51. Ke3 b4 52. axb4 Bxb4 53. cxb4 c3 54. Kd3 1-0

[Event "Wattens op 13th"]
[Site "Wattens"]
[Date "1998.??.??"]
[Round "6"]
[White "Kupfner, Franz"]
[Black "Doskocil, Klaus"]
[Result "1/2-1/2"]
[WhiteElo "2160"]
[BlackElo "2180"]
[PlyCount "28"]
[EventDate "1998.??.??"]
[EventType "swiss"]
[EventRounds "9"]
[EventCountry "AUT"]
[SourceTitle "EXT 2000"]
[Source "ChessBase"]
[SourceDate "1999.11.16"]
[SourceVersion "1"]
[SourceVersionDate "1999.11.16"]
[SourceQuality "1"]

1. d4 Nf6 2. Nf3 d6 3. c4 Nbd7 4. Nc3 e5 5. g3 Be7 6. Bg2 0-0 7. 0-0 Re8 8. Qc2 c6 9. h3 Bf8 10. e4 a5 11. Bg5 h6 12. Be3 Qc7 13. Rac1 exd4 14. Nxd4 Nc5 1/2-1/2

[Event "Wattens op 13th"]
[Site "Wattens"]
[Date "1998.??.??"]
[Round "3"]
[White "Martic, Mato"]
[Black "Kupfner, Franz"]
[Result "0-1"]
[WhiteElo "1825"]
[BlackElo "2160"]
[PlyCount "46"]
[EventDate "1998.??.??"]
[EventType "swiss"]
[EventRounds "9"]
[EventCountry "AUT"]
[SourceTitle "EXT 2000"]
[Source "ChessBase"]
[SourceDate "1999.11.16"]
[SourceVersion "1"]
[SourceVersionDate "1999.11.16"]
[SourceQuality "1"]

1. e4 c5 2. Nf3 Nc6 3. d4 cxd4 4. Nxd4 Nf6 5. Nc3 d6 6. Bc4 Qb6 7. Nb3 a6 8. 0-0 e6 9. Be3 Qc7 10. a4 b6 11. Re1 Be7 12. Be2 0-0 13. f4 Bb7 14. Bf3 Rfd8 15. Qe2 Nd7 16. Rad1 Bf6 17. g3 Nc5 18. a5 Nxa5 19. Nxc5 bxc5 20. e5 dxe5 21. Rxd8+ Rxd8 22. Bxb7 Qxb7 23. Bxc5 exf4 0-1

[Event "AUT-chT2W 9798"]
[Site "Austria"]
[Date "1997.??.??"]
[Round "3"]
[White "Kupfner, Franz"]
[Black "Angerer, Helmut"]
[Result "1/2-1/2"]
[WhiteElo "2125"]
[BlackElo "2095"]
[PlyCount "33"]
[EventDate "1997.??.??"]
[EventType "team"]
[EventRounds "11"]
[EventCountry "AUT"]
[SourceTitle "EXT 1999"]
[Source "ChessBase"]
[SourceDate "1998.11.16"]
[SourceVersion "1"]
[SourceVersionDate "1998.11.16"]
[SourceQuality "1"]

1. d4 e6 2. Nf3 b6 3. e3 Nf6 4. Bd3 Be7 5. b3 0-0 6. Bb2 a5 7. 0-0 Ba6 8. c4 d5 9. Nc3 c6 10. Ne5 Nfd7 11. Nxd7 Nxd7 12. e4 dxc4 13. Bxc4 b5 14. Be2 b4 15. Na4 c5 16. Bxa6 Rxa6 17. Qe2 1/2-1/2

[Event "Zillertal op"]
[Site "Zillertal"]
[Date "1997.??.??"]
[Round "3"]
[White "Kupfner, Franz"]
[Black "Kleissl, Helmut"]
[Result "0-1"]
[WhiteElo "2105"]
[BlackElo "2275"]
[PlyCount "80"]
[EventDate "1997.??.??"]
[EventType "swiss"]
[EventRounds "9"]
[EventCountry "AUT"]
[SourceTitle "EXT 1999"]
[Source "ChessBase"]
[SourceDate "1998.11.16"]
[SourceVersion "1"]
[SourceVersionDate "1998.11.16"]
[SourceQuality "1"]

1. d4 g6 2. c4 Bg7 3. Nc3 d6 4. Nf3 Bg4 5. e3 Nc6 6. Be2 e5 7. dxe5 dxe5 8. h3 Qxd1+ 9. Bxd1 Be6 10. Be2 h6 11. e4 0-0-0 12. Bd2 Nd4 13. Rc1 Nxe2 14. Nxe2 Nf6 15. Ng3 Nd7 16. Bb4 Nb8 17. b3 Nc6 18. Bc3 Nd4 19. Nxd4 exd4 20. Bd2 Rhe8 21. 0-0 Bd7 22. Rfe1 h5 23. f3 Bf6 24. Nh1 c5 25. Nf2 Bh4 26. Red1 f5 27. exf5 Bxf5 28. g4 Bd7 29. Re1 Bc6 30. f4 hxg4 31. hxg4 Rh8 32. Re5 Bxf2+ 33. Kxf2 Rh2+ 34. Ke1 Rg2 35. Re2 Rxg4 36. Rh2 Re8+ 37. Kf2 g5 38. fxg5 Rf8+ 39. Ke2 Bf3+ 40. Kd3 Be4+ 0-1

[Event "AUT-chT2W 9697"]
[Site "Austria"]
[Date "1997.??.??"]
[Round "10"]
[White "Kupfner, Franz"]
[Black "Peterwagner, Heinz"]
[Result "1/2-1/2"]
[WhiteElo "2100"]
[BlackElo "2185"]
[PlyCount "30"]
[EventDate "1996.??.??"]
[EventType "team"]
[EventRounds "11"]
[EventCountry "AUT"]
[SourceTitle "EXT 1998"]
[Source "ChessBase"]
[SourceDate "1997.11.17"]
[SourceVersion "1"]
[SourceVersionDate "1997.11.17"]
[SourceQuality "1"]

1. d4 Nf6 2. Nf3 e6 3. e3 c5 4. Bd3 Nc6 5. 0-0 Be7 6. b3 b6 7. Bb2 Bb7 8. Nbd2 0-0 9. a3 Rc8 10. c4 d5 11. Qe2 Re8 12. Rfd1 cxd4 13. exd4 Bf8 14. Rac1 dxc4 15. bxc4 Ne7 1/2-1/2

[Event "AUT-chT2W 9697"]
[Site "Austria"]
[Date "1997.??.??"]
[Round "6"]
[White "Laube, Bernhard"]
[Black "Kupfner, Franz"]
[Result "1-0"]
[WhiteElo "2290"]
[BlackElo "2100"]
[PlyCount "61"]
[EventDate "1996.??.??"]
[EventType "team"]
[EventRounds "11"]
[EventCountry "AUT"]
[SourceTitle "EXT 1998"]
[Source "ChessBase"]
[SourceDate "1997.11.17"]
[SourceVersion "1"]
[SourceVersionDate "1997.11.17"]
[SourceQuality "1"]

1. Nf3 Nf6 2. c4 g6 3. b4 Bg7 4. Bb2 0-0 5. d3 d6 6. Nbd2 b6 7. g3 Bb7 8. Bg2 Nbd7 9. 0-0 c5 10. a3 Qc7 11. b5 e5 12. e4 a6 13. bxa6 Rxa6 14. Nb1 Bc6 15. Nc3 Rfa8 16. Nb5 Bxb5 17. cxb5 Ra5 18. Qb3 Nf8 19. Bh3 Bh6 20. Nh4 Nh5 21. Ng2 Qe7 22. Ne3 Bxe3 23. fxe3 Ne6 24. Rf2 Nhg7 25. Raf1 Rf8 26. Rf6 Nh5 27. Rxf7 Rxf7 28. Bxe6 Qg5 29. Rxf7 Qxe3+ 30. Kg2 Kh8 31. Qd5 1-0

[Event "AUT-chT2W 9697"]
[Site "Austria"]
[Date "1997.??.??"]
[Round "4"]
[White "Poettinger, Harald"]
[Black "Kupfner, Franz"]
[Result "1/2-1/2"]
[WhiteElo "2245"]
[BlackElo "2100"]
[PlyCount "71"]
[EventDate "1996.??.??"]
[EventType "team"]
[EventRounds "11"]
[EventCountry "AUT"]
[SourceTitle "EXT 1998"]
[Source "ChessBase"]
[SourceDate "1997.11.17"]
[SourceVersion "1"]
[SourceVersionDate "1997.11.17"]
[SourceQuality "1"]

1. e4 c5 2. Nc3 Nc6 3. g3 g6 4. Bg2 Bg7 5. d3 d6 6. Be3 Qa5 7. Qd2 Rb8 8. a3 Nd4 9. Rb1 e6 10. Nf3 Ne7 11. Bf4 e5 12. Nxd4 cxd4 13. Nd5 Qxd2+ 14. Bxd2 Nxd5 15. exd5 Bf5 16. Be4 Bd7 17. c4 b5 18. Bb4 Bf8 19. cxb5 Bxb5 20. g4 Be7 21. h4 Bd7 22. g5 h6 23. Ke2 Rb5 24. Bd2 hxg5 25. hxg5 Rxh1 26. Bxh1 Rb3 27. Be4 Bb5 28. f4 Bd7 29. Kd1 Bb5 30. Ke2 Bd7 31. Kd1 Bb5 32. f5 gxf5 33. Bxf5 Ba6 34. Bb4 Bb7 35. Be4 a5 36. Bd2 1/2-1/2